000 00705nam a2200217Ii 4500
003 JO-AjNU
008 230605s9999||||xx |||||||||||||| ||und||
017 _a2002/11808
020 _a977-01-7916-7
040 _aJO-AjNU
_bara
_erda
_cJO-AjNU
041 _aara
050 1 4 _aPJ7806.N2.A98 2002
100 3 _aتأليف الأبنودي،عبد الرحمن,
_eauthor
_919325
245 0 0 _aأيامي الحلوة
264 3 1 _aالقاهرة:مكتبة الأسرة،2002 ؛ مهرجان القراءة للجميع 2002
300 _a303ص
336 _atext
_btxt
_2rdacontent
337 _aunmediated
_bn
_2rdamedia
338 _avolume
_bnc
_2rdacarrier
650 4 _aالأدب العربي
_919326
999 _aA6354
_c9922
_d9922